00596nac a22001811u 4500010001600000020001500016082001600031090001100047100003400058245007100092250001300163260003000176300004000206650002700246942001800273999001100291952011200302 asa 67000466 a8121902894 a621.3bT398 c93d93 aTheraja, B. L. [from oalog] 12aA textbook of electrical technology /cB.L. Theraja, A.L. Theraja. arev. ed. aNew Delhi,bS Chandc2003 a2432 p.billus. (part col.)c24 cm. 0aElectrical engineering cBBk621.3T398 c93d93 00104070aMAINbMAINc1STd2007-06-07ePurchasel2o621.3 THEp000004687r2025-07-15 00:00:00v400.00yBB